书目信息 |
| 题名: |
近代中国女装实录
|
|
| 作者: | 包铭新 著 | |
| 分册: | ||
| 出版信息: | 上海 东华大学出版社 2004 |
|
| 页数: | 199页 | |
| 开本: | 29cm | |
| 丛书名: | ||
| 单 册: | ||
| 中图分类: | K892.23-64 | |
| 科图分类: | ||
| 主题词: | 女服--nu: fu--文化--中国--近代--图集 | |
| 电子资源: | ||
| ISBN: | 7-81038-887-8 | |
| 000 | 00740nam0 2200229 450 | |
| 001 | CAL 012005052902 | |
| 005 | 20061124155853.95 | |
| 010 | @a7-81038-887-8@dCNY 98.00 | |
| 099 | @aCAL 012005052902 | |
| 100 | @a20050428d2004 em y0chiy0121 ea | |
| 101 | 0 | @achi@eeng |
| 102 | @aCN@b110000 | |
| 200 | 1 | @a近代中国女装实录@Ajin dai zhong guo nv zhuang shi lu@f包铭新著 |
| 210 | @a上海@c东华大学出版社@d2004 | |
| 215 | @a199页@c彩图@d29cm | |
| 320 | @a有书目 | |
| 330 | @a本书通过大量实物的图像介绍了1840~1949年比较发达地区较富裕和有机会接触时尚的女性着装。 | |
| 606 | 0 | @a女服@Anu: fu@x文化@y中国@z近代@j图集 |
| 690 | @aK892.23-64@v4 | |
| 701 | 0 | @a包铭新@Abao ming xin@4著 |
| 801 | @aCN@c20061124 | |
| 905 | @apdsgxy@dK892.23-64@eB218 | |
| 近代中国女装实录/包铭新著.-上海:东华大学出版社,2004 |
| 199页:彩图;29cm |
| ISBN 7-81038-887-8:CNY 98.00 |
| 本书通过大量实物的图像介绍了1840~1949年比较发达地区较富裕和有机会接触时尚的女性着装。 |
| ● |
| 相关链接 |
|
|
|
正题名:近代中国女装实录
索取号:K892.23-64/B218
 
预约/预借
| 序号 | 登录号 | 条形码 | 馆藏地/架位号 | 状态 | 备注 |
| 1 | 614169 | 206141691 | 社科库309/309社科库 11排1列6层/ [索取号:K892.23-64/B218] | 在馆 | |
| 2 | 614170 | 206141708 | 社科库309/309社科库 11排1列6层/ [索取号:K892.23-64/B218] | 在馆 |